Football players with the most goals ever - Statistics

General Stats
  • This quiz has been taken 127 times
  • The average score is 7 of 15
Answer Stats
Goals Football player % Correct
821 Lionel Messi
99%
873 Cristiano Ronaldo
98%
762 Pelé
90%
557 Luis Suárez
65%
617 Robert Lewandowski
63%
724 Ferenc Puskás
62%
634 Gerd Müller
56%
561 Zlatan Ibrahimovic
54%
619 Eusébio
36%
755 Romario
36%
722 Josef Bican
5%
624 Abe Lenstra
4%
563 Glenn Ferguson
4%
648 Jimmy Jones
4%
629 Joe Bambrick
4%
No matching quizzes found
Score Distribution
Percent of People with Each Score
Percentile by Number Answered
Your Score History
You have not taken this quiz